• 首页
  • 本馆介绍
  • 公告通知
  • 最新文献
  • 馆藏检索
  • 电子资源
  • 读者导购
  • 参考咨询
  • 我的图书馆
  • 登录
  • 详细信息显示
  • 放入我的书架
  • 预约/预借图书
  • 作者相关作品
  • 分类相关作品
  • 丛书相关作品
  • 出版社相关作品

书目信息

  • 表格格式
  • 工作单格式
  • 卡片格式
题名:
恒星物理
    
 
作者: 黄润乾 著
分册:  
出版信息: 北京   科学出版社  1998
页数: 675页
开本: 20cm
丛书名: 中国科学院研究生教学丛书
单 册:
中图分类: P144
科图分类:
主题词: 天体物理学
电子资源:
ISBN: 7-03-005836-4
000 00584nam0 2200205 450
001 0755077875
005 20070830151757.87
010    @a7-03-005836-4@dCNY43.00
100    @a20070830d km y0chiy0120 ea
101 0  @achi
200 1  @a恒星物理@Aheng xing wu li@f黄润乾著@Fhuang run qian zhu
210    @a北京@c科学出版社@d1998
215    @a675页@d20cm
225 2  @a中国科学院研究生教学丛书
410  0 @12001 @a中国科学院研究生教学丛书
606 0  @a天体物理学
690    @aP144@v3
701  0 @a黄润乾@Ahuang run qian@4著
801  0 @aCN@bPFT@c20070830
905    @a213230@dP144@eP2@f1
    
    恒星物理/黄润乾著.-北京:科学出版社,1998
    675页;20cm.-(中国科学院研究生教学丛书)
    
    
    ISBN 7-03-005836-4:CNY43.00
    
●
相关链接 在E读中查询图书 在五车中查询图书 在当当中查询图书 在豆瓣中查询图书


正题名:恒星物理     索取号:P144/P2         预约/预借

序号 登录号 条形码 馆藏地/架位号 状态 备注
1 7200285   272002851   密集书库-物理学院/ [索取号:P144/P2] 在馆    
2 7200286   272002860   密集书库-物理学院/ [索取号:P144/P2] 在馆    
唐山师范学院图书馆 欢迎您!
大连网信软件有限公司© 版权所有